| 000 | 00470nmm a2200157Ia 4500 | ||
|---|---|---|---|
| 008 | 251105s9999||||xx |||||||||||||||||und|| | ||
| 041 | _aspa | ||
| 100 | _aWeiss, Helga | ||
| 245 | 0 | _aEl diario de Helga | |
| 264 |
_a[Madrid, España] : _bEditorial Sexto Piso, _c[Fecha de publicación no identificada] |
||
| 300 | _a0 páginas | ||
| 490 | _aRealidades Sexto Piso | ||
| 650 | _aLiterature | ||
| 856 | _uhttps://public.digitaliapublishing.com/a/120543 | ||
| 942 | _cCF | ||
| 999 |
_c100503 _d100503 |
||